Национальные образы мира. Эллада, Германия, Франция: опыт экзистенциальной культурологии

গ্রন্থ-পঞ্জীর বিবরন
প্রধান লেখক: Гачев Г. Д. Георгий Дмитриевич
সংক্ষিপ্ত:Книга выдающегося отечественного философа и культуролога продолжает авторскую серию "Национальные образы мира". Задача - охарактеризовать национальный мир и ум. Подобно тому как человек есть троичное единство: тело, душа, дух, так и каждая национальная целостность есть Космо-Психо-Логос, т.е. единство местной природы, характера народа и его ментальности. В качестве культурологических текстов выступают ландшафт, быт, кухня, язык, произведения. В книге даны "портреты" Эллады, Германии, Франции, которые рассматриваются в сравнении друг с другом и Россией. В частности, сопоставляются три "Ифигении" - то, как один и тот ж е сюжет разработан греком Еврипидом, немцем Гете и французом Расином. Для философов, культурологов, филологов, искусствоведов, социальных психологов, преподавателей других социально-гуманитарных наук. Представляет интерес для современных интеллектуалов - читателей с философским складом ума и широким культурным горизонтом.
ভাষা:রুশ
প্রকাশিত: Москва, Логос, 2011
মালা:Библиотека интеллектуала
বিষয়গুলি:
বিন্যাস: গ্রন্থ
KOHA link:https://koha.lib.tpu.ru/cgi-bin/koha/opac-detail.pl?biblionumber=206237

MARC

LEADER 00000nam0a2200000 4500
001 206237
005 20231101225331.0
010 |a 9785987045374 
035 |a (RuTPU)RU\TPU\book\224809 
090 |a 206237 
100 |a 20111229d2011 k y0rusy50 ca 
101 0 |a rus 
102 |a RU 
105 |a y z 001zy 
200 1 |a Национальные образы мира. Эллада, Германия, Франция: опыт экзистенциальной культурологии  |f Г. Д. Гачев 
210 |a Москва  |c Логос  |d 2011 
215 |a 421 с. 
225 1 |a Библиотека интеллектуала 
320 |a Библиогр.: с. 420-421. 
330 |a Книга выдающегося отечественного философа и культуролога продолжает авторскую серию "Национальные образы мира". Задача - охарактеризовать национальный мир и ум. Подобно тому как человек есть троичное единство: тело, душа, дух, так и каждая национальная целостность есть Космо-Психо-Логос, т.е. единство местной природы, характера народа и его ментальности. В качестве культурологических текстов выступают ландшафт, быт, кухня, язык, произведения. В книге даны "портреты" Эллады, Германии, Франции, которые рассматриваются в сравнении друг с другом и Россией. В частности, сопоставляются три "Ифигении" - то, как один и тот ж е сюжет разработан греком Еврипидом, немцем Гете и французом Расином. Для философов, культурологов, филологов, искусствоведов, социальных психологов, преподавателей других социально-гуманитарных наук. Представляет интерес для современных интеллектуалов - читателей с философским складом ума и широким культурным горизонтом. 
606 1 |a Народы Европы  |x Этнология  |2 stltpush  |3 (RuTPU)RU\TPU\subj\69788  |9 84478 
606 1 |a Историческая культурология  |2 stltpush  |3 (RuTPU)RU\TPU\subj\72069  |9 85657 
610 1 |a культурология 
610 1 |a нации 
610 1 |a народы 
610 1 |a эллада 
610 1 |a эллинистическая культура 
610 1 |a эллинистическая философия 
610 1 |a эллины 
610 1 |a Германия 
610 1 |a Франция 
610 1 |a национальные образы 
610 1 |a философия 
610 1 |a экзистенциональная философия 
610 1 |a быт 
610 1 |a культура 
610 1 |a мировоззрение 
610 1 |a логос 
610 1 |a литература 
610 1 |a искусство 
610 1 |a мироустройство 
610 1 |a миросознание 
686 |a Ч113(4)  |v LBC/SL-A  |2 rubbk 
686 |a Т52(4)  |v LBC/SL-A  |2 rubbk 
700 1 |a Гачев  |b Г. Д.  |g Георгий Дмитриевич 
801 1 |a RU  |b 63413507  |c 20111229 
801 2 |a RU  |b 63413507  |c 20130121  |g RCR 
942 |c BK 
959 |a 102/20111229  |d 1  |e 440,00  |f ЧЗГЛ:1